Capital extranjero, industrialización y burguesia en Honduras (tercera parte) /
Guardado en:
| 主要作者: | |
|---|---|
| 格式: | Texto |
| 主題: | |
| 標簽: |
添加標簽
沒有標簽, 成為第一個標記此記錄!
|
MARC
| LEADER | 00000 a a2200000 04500 | ||
|---|---|---|---|
| 001 | 17856 | ||
| 003 | |||
| 040 | |||
| 100 | |a Murga Frassinetti, Antonio | ||
| 245 | |a Capital extranjero, industrialización y burguesia en Honduras (tercera parte) / |c Antonio Murga Frassinetti | ||
| 650 | |a ECONOMIA | ||
| 650 | |a EMPRESAS EXTRANJERAS | ||
| 650 | |a HONDURAS | ||
| 773 | |g volumen 3, número 25; páginas 199-200 | ||
| 999 | |c 37306 |d 37306 | ||
| 773 | 0 | |0 42391 |9 3996 |a Agencia Latinoamericana de Información, ALAI |d Quito, Ecuador: ALAI |o 03872 |t ALAI: |x 08275564 (Servicio mensual de información y documentación) | |
